Modern political analysis
Saved in:
| Hovedforfatter: | |
|---|---|
| Format: | Bog |
| Sprog: | engelsk |
| Udgivet: |
Englewood Cliffs
Prentice-Hall
1963
|
| Serier: | Foundations of Modern Political Science
|
| Fag: | |
| Tags: |
Tilføj Tag
Ingen Tags, Vær først til at tagge denne postø!
|
MARC
| LEADER | 00000nam a2200000 a 4500 | ||
|---|---|---|---|
| 001 | UCT6377 | ||
| 003 | CL-VaPUC | ||
| 008 | 970106e19630000us |||||||||||||||||eng|d | ||
| 082 | 0 | 4 | |a 320.011 |b DAH |2 21 |
| 100 | 0 | |a Dahl, Robert Alan |e author |9 376508 | |
| 245 | 1 | 0 | |a Modern political analysis |
| 300 | |a 118 p | ||
| 942 | |c BK | ||
| 945 | |d 19970106 00:00:00 |a lriquelm | ||
| 260 | |a Englewood Cliffs |b Prentice-Hall |c 1963 | ||
| 650 | 0 | |a Política |9 255312 | |
| 650 | 7 | |a SISTEMAS POLITICOS |2 CL-VaPUC |9 376509 | |
| 650 | 0 | |a Poder político |9 255509 | |
| 650 | 7 | |a POLITICO |2 CL-VaPUC |9 376510 | |
| 650 | 7 | |a CONFLICTO POLITICO |2 CL-VaPUC |9 344341 | |
| 583 | |a last modification |c 20150428 12:26:49 |k Rodrigo Vera | ||
| 490 | 0 | |a Foundations of Modern Political Science | |
| 999 | |c 255089 |d 255087 | ||
| 952 | |0 0 |1 0 |4 0 |6 320_011000000000000_DAH_1963 |7 0 |8 A |9 277168 |a BIBDER |b BIBDER |d 2019-11-19 |i 1798952 |o 320.011 DAH 1963 |p 1798952 |r 2023-01-25 |w 2019-11-19 |y BK |k DER | ||
| 952 | |0 0 |1 0 |4 0 |6 320_011000000000000_DAH_1963 |7 0 |8 A |9 277169 |a BIBDER |b BIBDER |d 2019-11-19 |i 1798960 |o 320.011 DAH 1963 |p 1798960 |r 2023-01-25 |w 2019-11-19 |y BK |k DER | ||
| 952 | |0 0 |1 0 |4 0 |6 320_011000000000000_DAH_1963 |7 0 |8 A |9 277170 |a BIBHIS |b BIBHIS |d 2019-11-19 |i 1208845 |o 320.011 DAH 1963 |p 1208845 |r 2025-01-20 |w 2019-11-19 |y BK |k HIS | ||